Online Catalogue and eLibrary

The brown sahib (revisited) / (Record no. 184)

MARC details
000 -LEADER
fixed length control field 00557cam a2200193 a 4500
001 - CONTROL NUMBER
control field 1505126
005 - DATE AND TIME OF LATEST TRANSACTION
control field 20240119010036.0
008 - FIXED-LENGTH DATA ELEMENTS--GENERAL INFORMATION
fixed length control field 880630s1987 ii 000 0 eng
020 ## - INTERNATIONAL STANDARD BOOK NUMBER
ISBN 0140107843
040 ## - CATALOGING SOURCE (பட்டியலாக்க மூலம்)
Original cataloging agency DLC
Transcribing agency DLC
Modifying agency DLC
082 00 - DDC Classification
Class No. 950
DDC Edition Number 20
Item Number - Author Mark VAR
100 1# - MAIN ENTRY--PERSONAL NAME
Personal name Vittachi, Varindra Tarzie,
245 14 - TITLE STATEMENT
Title The brown sahib (revisited) /
Statement of responsibility, etc. Varindra Tarzie Vittachi.
250 ## - EDITION STATEMENT
Edition statement 1st
260 ## - PUBLICATION, DISTRIBUTION, ETC.
Place of publication, distribution, etc. New Delhi :
Name of publisher, distributor, etc. Penguin Books ;
Place of publication, distribution, etc. New York, N.Y., U.S.A. :
Name of publisher, distributor, etc. Viking Penguin,
Date of publication, distribution, etc. 1987.
300 ## - PHYSICAL DESCRIPTION
Extent (e.g. Volumes, Pages etc.) 150 p. ;
500 ## - GENERAL NOTE
General note Sequel to: The brown sahib.
942 ## - Koha item type (Biblio)
Koha item type Books in Stacks (Lending)
Holdings
Lost status Damaged status Collection code Home library Current library Date acquired Full call number Accession Number Item type
    Lending WERC Library WERC Library 01/19/2024 950 VAR 361 Books in Stacks (Lending)

© WERC Library